| 000 | 00787nam a22002297a 4500 | ||
|---|---|---|---|
| 005 | 20211112083133.0 | ||
| 008 | 130821s2001 ck gr spa | ||
| 020 | _a9586650332 | ||
| 040 |
_aCo-BoUCM _bspa _c[Nuevo] _d[Nuevo] |
||
| 041 | 0 | 0 | _aspa |
| 060 |
_aWL 300 _bM534m |
||
| 245 | 0 | 0 |
_aMentes Reales _bLa ciencia cognitiva y la naturalización de la mente |
| 260 |
_aBogotá (Cundinamarca, Colombia) _bSiglo del Hombre Editores _c[fecha desconocida] |
||
| 300 | _a243 páginas | ||
| 650 | 0 | 4 |
_aMente y cuerpo _919302 |
| 650 | 0 | 4 |
_aPsicología _98001 |
| 650 | 0 | 4 |
_aTeoría del conocimiento _9403 |
| 700 |
_aBotero, Juan José, comp _981720 |
||
| 700 |
_aRamos, Jaime, comp _981721 |
||
| 700 |
_aRosas, Alejandro, comp _981722 |
||
| 942 |
_cLIBRO _2NLM _a15 _e1 _hWL 300 _mM534M _n0 |
||
| 999 |
_c83201 _d83201 |
||